Movies Quiz

Random Movies or Actor Quiz

Click-A-Ferrell Quiz Stats

 Plays Quiz Updated Oct 16, 2017

Also try: Click-A-Murray
Challenge
Share
Tweet
Score 0/20 Timer 05:00
22 Plays Today
% Correct
Buddy
97.8%
Ron Burgundy
97.8%
Lord Business
96.6%
Chazz Michael Michaels
94.8%
Ted
94.5%
Megamind
94.5%
Ricky Bobby
92.9%
Cam Brady
92.8%
Jackie Moon
92.7%
Dr. Rick Marshall
89.2%
% Correct
Jacobim Mugatu
88.5%
Steve Butabi
88.3%
Brennan Huff
85.6%
Frank Ricard
85.1%
Phil Weston
84.7%
Mustafa
83.5%
Det. Allen Gamble
82.1%
James King
80.8%
Franz Liebkind
70.4%
Marshall Willenholly
63.9%

You're not logged in!

Compare scores with friends on all Sporcle quizzes.
OR
Log In

You Might Also Like...

Show Comments

Extras

Top Quizzes Today


Score Distribution

Your Account Isn't Verified!

In order to create a playlist on Sporcle, you need to verify the email address you used during registration. Go to your Sporcle Settings to finish the process.

Report this User

Report this user for behavior that violates our Community Guidelines.

Details: